Statistics for Countries With The Most Won Battles

Click here to take the quiz!

General Stats

  • This quiz has been taken 29 times
  • The average score is 9 of 10

Answer Stats

ListAnswer% Correct
1115France
100%
491Russia
100%
1105United Kingdom
100%
259Rome
96%
387Spain
96%
883United States Of America
96%
244China
93%
425Germany
93%
344Poland
70%
210Turkey
63%

Score Distribution

Percentile by Number Answered

Percent of People with Each Score

Your Score History

You have not taken this quiz